Internacionalizácia vysokoškolského vzdelávania a jej vplyv na ekonomiky vybraných krajín diplomová práca
Saved in:
| Main Author: | |
|---|---|
| Corporate Author: | |
| Other Authors: | |
| Format: | Book |
| Language: | Slovak |
| Published: |
Bratislava
2024
|
| Tags: |
No Tags, Be the first to tag this record!
|
MARC
| LEADER | 00000nbm a2200000 4500 | ||
|---|---|---|---|
| 001 | 0300849 | ||
| 005 | 20250226090413.4 | ||
| 041 | 0 | |a slo | |
| 044 | |a SK | ||
| 245 | 1 | 0 | |a Internacionalizácia vysokoškolského vzdelávania a jej vplyv na ekonomiky vybraných krajín |b diplomová práca |c Alexandra Rusiňáková ; školiteľ: Boris Mattoš |
| 264 | 1 | |a Bratislava |c 2024 | |
| 300 | |a 77 s. | ||
| 100 | 1 | |a Rusiňáková, Alexandra | |
| 700 | 1 | |a Mattoš, Boris, 1977- | |
| 710 | 2 | |a Fakulta medzinárodných vzťahov EU. Katedra medzinárodných ekonomických vzťahov a hospodárskej diplomacie | |